Elenca la formazione - Quiz n°205 - Statistics

Statistiche generali
  • Questo quiz è stato fatto 30 volte
  • Il punteggio medio è 8 su 11
Statistiche sulle risposte
Ruolo Nazione Calciatore % Corretto
Difensore Inghilterra John Terry
100%
Centrocampista Inghilterra Frank Lampard
93%
Centrocampista Ghana Michael Essien
93%
Difensore Serbia Branislav Ivanović
89%
Difensore Inghilterra Ashley Cole
85%
Centrocampista Nigeria Mikel John Obi
81%
Attaccante Francia Florent Malouda
70%
Attaccante Costa d'Avorio lomon Kalou
67%
Attaccante Francia Nicolas Anelka
63%
Difensore Portogallo Paulo Ferreira
26%
Portiere Portogallo Henrique Hilário
4%
Nessun quiz corrispondente trovato
Distribuzione punteggi
Percentuale di utenti per punteggio
Percentile per numero di risposta
I tuoi punteggi nel tempo
Non hai fatto questo quiz